[Event "Mestre Cipressina op-B 4th"]
[Site "Mestre"]
[Date "2015.11.27"]
[Round "1"]
[White "Cappelletto, Joshuaede"]
[Black "Anoe`, Lorenzo"]
[Result "0-1"]
[WhiteElo "1447"]
[BlackElo "1750"]
[PlyCount "108"]
[EventDate "2015.11.27"]
[EventType "swiss"]
[EventRounds "5"]
[EventCountry "ITA"]
[SourceTitle "EXT 2022"]
[Source "ChessBase"]
[SourceDate "2021.10.06"]
[SourceVersion "1"]
[SourceVersionDate "2021.10.06"]
[SourceQuality "1"]

1. e4 d6 2. d4 Nf6 3. Nc3 g6 4. Bc4 Bg7 5. Nf3 0-0 6. 0-0 c6 7. Be3 Qc7 8. Qd2 Ng4 9. Rad1 Nxe3 10. Qxe3 e5 11. h3 Nd7 12. Ne2 h6 13. c3 Rd8 14. dxe5 dxe5 15. Bb3 b6 16. Nh4 Nc5 17. Bc4 Be6 18. Bxe6 Nxe6 19. Qg3 Rd7 20. Qe3 Rad8 21. Rxd7 Rxd7 22. g4 Qd8 23. f4 Qxh4 24. f5 Qg5 25. Qxg5 Nxg5 26. fxg6 fxg6 27. Ng3 Nxh3+ 28. Kh2 Nf4 29. Rf2 Bf8 30. a4 Bc5 31. Rc2 Rd1 32. Ne2 Nd3 33. b4 Be3 34. Kg2 Ne1+ 35. Kh2 Nxc2 36. Kh3 Rd2 37. Ng3 Bf4 38. b5 cxb5 39. axb5 Rd3 40. Kh4 Rxg3 41. c4 g5+ 42. Kh5 Rh3+ 43. Kg6 Na3 44. Kf6 Nxc4 45. Ke6 Rd3 46. Kf6 Nd6 47. Ke7 Nxe4 48. Ke6 Nc5+ 49. Kf5 e4 50. Kf6 e3 51. Kf5 e2 52. Kf6 e1Q 53. Kf5 Qe5+ 54. Kg6 Rd6+ 0-1